Estadísticas para Formula 1 circuitos temporada 2022

Haz click aquí para intentar la prueba.

Estadísticas generales

  • Esta prueba ha sido intentada 1.252 veces
    (1.236 desde el último reinicio)
  • La puntuación promedio es 14 de 22

Estadísticas de respuestas

Respuesta% Correcto
monaco
87%
españa
86%
italia
82%
italia
82%
australia
80%
arabia saudita
77%
barein
75%
belgica
75%
azerbaiyán
72%
austria
70%
japon
69%
brasil
67%
canada
67%
hungria
67%
reino unido
66%
francia
60%
mexico
60%
holanda
56%
emiratos arabes unidos
37%
usa
30%
usa
30%
singapore
19%

Distribución de puntuación

Porcentaje por número respondido

Porcentaje de gente con cada puntuación

Historial de tus puntuaciones

No has intentado esta prueba desde el último reinicio